[Event "Montreal Saturday op 11"]
[Site "Montreal"]
[Date "2009.11.18"]
[Round "1"]
[White "Ber, Alexandre"]
[Black "Dubois, Laurent"]
[Result "1-0"]
[WhiteElo "1602"]
[BlackElo "1566"]
[PlyCount "49"]
[EventDate "2009.11.18"]
[EventType "tourn"]
[EventRounds "5"]
[EventCountry "CAN"]
[SourceTitle "EXT 2011"]
[Source "ChessBase"]
[SourceDate "2010.11.26"]
[SourceVersion "1"]
[SourceVersionDate "2010.11.26"]
[SourceQuality "1"]

1. d4 d5 2. c4 c6 3. Nf3 Nf6 4. e3 Bf5 5. Nc3 e6 6. b3 Bb4 7. Bd2 Qe7 8. c5 Ba5 9. Be2 Nbd7 10. 0-0 e5 11. dxe5 Bxc3 12. Bxc3 Ne4 13. Bb2 Nexc5 14. Ba3 Qd8 15. Nd4 Qg5 16. f4 Qg6 17. Bh5 Bg4 18. Bxg4 Ne4 19. Bxd7+ Kxd7 20. f5 Qg5 21. e6+ Ke8 22. Qf3 h5 23. Qf4 Qf6 24. Qc7 Qg5 25. Qd7# 1-0